Statistics for 10 Senate Seats Most Likely To Switch Parties In 2018

Click here to take the quiz!

General Stats

  • This quiz has been taken 134 times
  • The average score is 8 of 10

Answer Stats

Current PartyLikely Flip ToState% Correct
RepublicanDemocraticArizona
91%
DemocraticRepublicanFlorida
91%
DemocraticRepublicanIndiana
86%
DemocraticRepublicanNorth Dakota
85%
RepublicanDemocraticNevada
84%
DemocraticRepublicanMissouri
82%
DemocraticRepublicanOhio
79%
DemocraticRepublicanMontana
76%
DemocraticRepublicanWest Virginia
74%
DemocraticRepublicanWisconsin
70%

Score Distribution

Percentile by Number Answered

Percent of People with Each Score

Your Score History

You have not taken this quiz